000 00729nam a2200229Ia 4500
003 OSt
005 20220923225630.0
006 a|||||r|||| 00| 0
007 ta
008 Pun
024 _a272,933
037 _cTextual
040 _aARTS
_cARTS
_bPun
041 _2Pun
_aPun
082 _aO153v, H9
100 _aਕੋਹਲੀ, ਸੁਰਿੰਦਰ ਸਿੰਘ
_9156370
245 0 _aਪੰਜਾਬੀ ਸਾਹਿਤ
_b ਵਸਤੂ ਤੇ ਵਿਚਾਰ
260 _aਲੁਧਿਆਣਾ
_b ਲਾਹੌਰ ਬੁੱਕ Fਾਪ
_c1949
650 _aਪੰਜਾਬੀ ਸਾਹਿਤ
942 _hO153v, H9
_cTEXL
_2CC
999 _c379576
_d379576